| 000 | 00891nam2a2200265 4500 | ||
|---|---|---|---|
| 001 | RU\NLR\bibl\1282825 | ||
| 005 | 20250615141720.0 | ||
| 010 |
_a978-5-94075-210-3 _bвып. 18 _92000 |
||
| 021 |
_aRU _b2008-63582 _93612 |
||
| 035 | _a(NLR Aleph) 001268574 | ||
| 090 |
_a424445 _c424445 |
||
| 100 | _a20081009d2008 |||y0rusy50 ca | ||
| 101 | 0 | _arus | |
| 102 | _aRU | ||
| 105 | _ay ||||||||| | ||
| 200 | 0 |
_aВып. 18 _fС.П. Зернес |
|
| 210 |
_d2008 _aБ. м. |
||
| 215 |
_a32 с. _cил. _d20 |
||
| 300 | _aНа обл. авт. не указан | ||
| 461 | 0 |
_1001RU\NLR\bibl\209842 _12001#$aСценарий свадьбы$vВып. 18 _91195253 _cЕкатеринбург _d2001 _nИзд-во Т.И. Возяковой _tСценарий свадьбы _vВып. 18 |
|
| 801 | 0 |
_aRU _bNLR _c20081009 _gRCR |
|
| 801 | 1 |
_aRU _bNLR _c20081009 |
|
| 942 | _cBOOK | ||
| 980 | _aNB | ||